Dissident Syria : making oppositional arts official /

Bibliographic Details
Main Author: Cooke, Miriam
Format: Book
Language:English
Published: Durham, N.C. : Duke University Press, 2007.
Subjects:

MARC

Tag First Indicator Second Indicator Subfields
LEADER 00000cam a22000004a 4500
001 in00002347721
005 20151108054442.0
008 070125s2007 ncua b 001 0 eng
010 |a  2007003444 
020 |a 9780822340164 (cloth : alk. paper) 
020 |a 082234016X (cloth : alk. paper) 
020 |a 9780822340355 (pbk. : alk. paper) 
020 |a 0822340356 (pbk. : alk. paper) 
035 |a (OCoLC)ocm80361178 
040 |a DLC  |c DLC  |d TXA  |d UtOrBLW 
043 |a a-sy--- 
049 |a TXAM 
050 0 0 |a DS94.6  |b .C66 2007 
082 0 0 |a 956.9104/2  |2 22 
100 1 |a Cooke, Miriam. 
245 1 0 |a Dissident Syria :  |b making oppositional arts official /  |c Miriam Cooke. 
264 1 |a Durham, N.C. :  |b Duke University Press,  |c 2007. 
300 |a viii, 196 pages :  |b illustrations ;  |c 23 cm. 
336 |a text  |b txt  |2 rdacontent 
337 |a unmediated  |b n  |2 rdamedia 
338 |a volume  |b nc  |2 rdacarrier 
504 |a Includes bibliographical references (pages [177]-184) and index. 
505 0 |a Acknowledgments -- Introduction -- "Culture is humanity's highest need" / As if . . . / Slogans, slogans everywhere -- Freedom and democracy -- Our literature does not leave the country / Nadia al-Ghazzi / Colette al-Khuri -- No such thing as women's literature / Ulfat Idilbi / Salons and Mallahat al-Khani / Nadia Khust and the Nadwa -- Commissioned criticism / Culture after the Fall of the Wall / Commissioned criticism / The fantasy of choice -- Dissident performances / Performing dissidence / The ghoul / -- Historical miniatures -- Filming dreams / The extras / Dreaming features / Documenting dreams -- Lighten your step / Ibrahim Samuil / Waiting / Ghassan al-Jaba'i / Lessons from a rogue state -- Leaving Damascus -- Postscript -- Notes -- Bibliography -- Index. 
651 0 |a Syria  |x Intellectual life. 
650 0 |a Dissenters, Artistic  |z Syria. 
650 0 |a Art  |x Political aspects  |z Syria. 
650 0 |a Arabic literature  |z Syria  |x History and criticism. 
650 0 |a Arabic literature  |y 20th century  |x History and criticism. 
948 |a cataloged  |b h  |c 2007/11/30  |d c  |e dmitchel  |f 12:30:20 pm 
994 |a C0  |b TXA 
999 |a MARS 
999 f f |s 432965a3-1f17-35e1-892e-15ef825932e8  |i 2430faf8-cd32-36a3-9482-ef01276b410e  |t 0 
952 f f |p ric  |a Texas A&M University  |b Rellis Campus  |c Joint Library Facility  |d Remote Storage  |t 0  |e DS94.6 .C66 2007  |h Library of Congress classification  |i unmediated -- volume  |m A14836504005 
998 f f |a DS94.6 .C66 2007  |t 0  |l Remote Storage